Priestorový model duopolu s rôznymi dopytmi

Modely priestorovej konkurencie sú modelmi teórie hier. Umožňujú analyzovať situácie, kde sa dvaja a viac hráčov rozhoduje o svojej polohe s cieľom maximalizovať svoj podiel na trhu. Príspevok pojednáva o probléme maximalizácie podielu na trhu, pričom priestorová štruktúra je popísaná grafom. Uzly g...

Ausführliche Beschreibung

Gespeichert in:
Bibliographische Detailangaben
1. Verfasser: Čičková, Zuzana, 1978-
Weitere Verfasser: Holzerová, Patrícia, 1995-
Format: Buchkapitel
Sprache:Slowakisch
Schlagworte:
Tags: Tag hinzufügen
Keine Tags, Fügen Sie das erste Tag hinzu!

MARC

LEADER 00000naa$a2200000$$$4500
001 0259967
005 20240502074117.2
041 0 |a slo 
044 |a SK 
245 1 0 |a Priestorový model duopolu s rôznymi dopytmi  |c Zuzana Čičková, Patrícia Holzerová 
520 |a Modely priestorovej konkurencie sú modelmi teórie hier. Umožňujú analyzovať situácie, kde sa dvaja a viac hráčov rozhoduje o svojej polohe s cieľom maximalizovať svoj podiel na trhu. Príspevok pojednáva o probléme maximalizácie podielu na trhu, pričom priestorová štruktúra je popísaná grafom. Uzly grafu sú sídla zákazníkov a každý z hráčov rozhoduje o uzle, z ktorého bude zákazníkov obsluhovať. Zákazníci sa tak rozhodujú o presune k jednému z dvoch hráčov. Pričom ich náklady tvorí cena produktu (každý hráč ponúka identický výrobok, cena sa však môže líšiť) a náklady na presun. Navrhovaná úloha je riešená v systéme GAMS. 
610 2 0 |a teória hier 
610 2 0 |a duopoly 
610 2 0 |a správanie spotrebiteľa 
610 2 0 |a dopyt 
610 2 0 |a modelovanie 
610 2 0 |a modely 
610 2 0 |a konkurencia 
100 1 |a Čičková, Zuzana, 1978- 
700 1 |a Holzerová, Patrícia, 1995-